[Event "AUT-ch"]
[Site "?"]
[Date "1985.??.??"]
[Round "3"]
[White "Roth, Peter"]
[Black "Kargl, Kurt"]
[Result "1/2-1/2"]
[WhiteElo "2325"]
[BlackElo "2305"]

1.e4 c5 2.Nf3 a6 3.Nc3 e6 4.d4 cxd4 5.Nxd4 Qc7 6.Bd3 Nf6 7.Qe2 d6 8.Be3 Be7
9.O-O Nc6 10.Rae1 Nxd4 11.Bxd4 e5 12.Be3 Be6 13.f4 exf4 14.Bxf4 O-O 15.Kh1 Nd7
16.Nd5 Bxd5 17.exd5 Bf6 18.Qe4 g6 19.Bh6 Bg7 20.Bxg7 Kxg7 21.Qe7 Rae8  1/2-1/2

[Event "Balatonbereny op"]
[Site "Balatonbereny"]
[Date "1985.??.??"]
[Round "10"]
[White "Sax, Gyula"]
[Black "Plachetka, Jan"]
[Result "1-0"]
[WhiteElo "2535"]
[BlackElo "2450"]

1.e4 c5 2.Nf3 e6 3.d4 cxd4 4.Nxd4 a6 5.Nc3 Qc7 6.g3 Nf6 7.Bg2 Be7 8.O-O d6
9.f4 O-O 10.Be3 Nc6 11.Nxc6 bxc6 12.Na4 Rb8 13.c4 d5 14.e5 Ne4 15.Rc1 Qa5
16.b3 Rd8 17.Qc2 Ba3 18.Bxe4 dxe4 19.Rcd1 Bd7 20.c5 Be8 21.Rd6 Rxd6 22.cxd6 c5
23.Rd1 Bc6 24.Nxc5 Bd5 25.Nxe4 Qd8 26.Ng5 g6 27.Qc7 Qxc7 28.dxc7 Rc8 29.Ne4 Be7
30.Nc3 Bf3 31.Rd7 Kf8 32.Bb6 Ke8 33.Rd3 Bc6 34.Kf2  1-0

[Event "Ballerup"]
[Site "Ballerup"]
[Date "1985.??.??"]
[Round "6"]
[White "Hector, Jonny"]
[Black "Erdelyi, Tamas"]
[Result "1-0"]
[WhiteElo "2295"]
[BlackElo "2265"]

1.Nc3 c5 2.e4 a6 3.Nf3 e6 4.d4 cxd4 5.Nxd4 Qc7 6.Bd3 Nf6 7.f4 d6 8.Qe2 Nbd7
9.a3 Be7 10.O-O h5 11.Bd2 b5 12.Rae1 Bb7 13.Nf3 h4 14.Ng5 Nh5 15.Nh3 Bf6
16.e5 dxe5 17.f5 Nc5 18.fxe6 Nxe6 19.Ne4 O-O-O 20.a4 Be7 21.axb5 axb5 22.Rxf7 Bc5+
23.Nxc5 Qxc5+ 24.Be3 Nd4 25.Qg4+ Kb8 26.c3 Bc8 27.Qe4 Nf6 28.Rxf6 gxf6 29.cxd4 Qb4
30.Ra1 Bb7 31.d5 Qxe4 32.Ba7+ Kc8 33.Bxe4 Bxd5 34.Nf2 Bxe4 35.Nxe4 f5 36.Ng5 Rd2
37.Be3 Rxb2 38.Ra8+ Kb7 39.Rxh8 f4 40.Bc5 Kc6 41.Rc8+  1-0

[Event "ARG-ch"]
[Site "Buenos Aires"]
[Date "1985.??.??"]
[Round "12"]
[White "Szmetan, Jorge"]
[Black "Grinberg, Ricardo"]
[Result "1-0"]
[WhiteElo "2375"]
[BlackElo "2370"]

1.e4 c5 2.Nf3 e6 3.Nc3 a6 4.d4 cxd4 5.Nxd4 Qc7 6.g3 Nf6 7.Bg2 Be7 8.O-O d6
9.f4 O-O 10.g4 Nc6 11.Nb3 d5 12.exd5 Nb4 13.f5 Rd8 14.Kh1 Nfxd5 15.Nxd5 Nxd5
16.Qe2 b5 17.fxe6 Bxe6 18.Nd4 Qd7 19.Nxe6 Qxe6 20.Qxe6 fxe6 21.a4 b4 22.Re1 Rac8
23.Rxe6 Rxc2 24.Be4 Rc7 25.Bf3 a5 26.Re5 Nb6 27.Rxa5 Rf8 28.Rf5 Rxf5 29.gxf5 Bf6
30.a5 Nc8 31.Bf4 Bxb2 32.Rb1 Rc2 33.Bd1 Rf2 34.Be3 Rxf5 35.Bb3+ Kf8 36.Rxb2 Rxa5
37.Bd2 Ra1+ 38.Kg2 Ke7 39.Bxb4+ Kf6  1-0

[Event "Capablanca mem-A"]
[Site "Cienfuegos"]
[Date "1985.??.??"]
[Round "5"]
[White "Pinal, Nelson Borges"]
[Black "Yap, Andronico"]
[Result "0-1"]
[WhiteElo "2405"]
[BlackElo "2400"]

1.e4 c5 2.Nf3 e6 3.Nc3 a6 4.d4 cxd4 5.Nxd4 Qc7 6.g3 d6 7.Bg2 Nf6 8.O-O Bd7
9.Be3 Nc6 10.Qe2 Be7 11.Rad1 Rc8 12.Nb3 Ne5 13.f4 Nc4 14.Bc1 b5 15.Kh1 b4
16.Nb1 e5 17.f5 Bb5 18.Qf3 Nb6 19.Rf2 O-O 20.c3 d5 21.exd5 Nbxd5 22.Re1 Rfd8
23.N1d2 bxc3 24.bxc3 Nxc3 25.Nf1 Rd3 26.Qb7 Nce4  0-1

[Event "Capablanca mem-A"]
[Site "Cienfuegos"]
[Date "1985.??.??"]
[Round "10"]
[White "Klinger, Josef"]
[Black "Yap, Andronico"]
[Result "1-0"]
[WhiteElo "2495"]
[BlackElo "2400"]

1.e4 c5 2.Nf3 e6 3.d4 cxd4 4.Nxd4 a6 5.Nc3 Qc7 6.Bd3 Nf6 7.f4 d6 8.O-O Nc6
9.Nf3 Be7 10.Qe1 Nd7 11.Qg3 O-O 12.Kh1 Nc5 13.f5 Kh8 14.fxe6 Bxe6 15.Be3 Nb4
16.Rad1 Ncxd3 17.cxd3 Nxa2 18.Nxa2 Bxa2 19.Nd4 Be6 20.Nf5 Bxf5 21.Rxf5 Qd7
22.Re1 Rac8 23.Ref1 Qe6 24.Bd4 Qg6 25.Qh3 Rc2 26.R5f3 f6 27.Rg3 Qf7 28.Qf5 Rfc8  1-0

[Event "FIN-ch"]
[Site "Espoo"]
[Date "1985.??.??"]
[Round "?"]
[White "Maki, Veijo"]
[Black "Havansi, Erkki ET"]
[Result "1/2-1/2"]
[WhiteElo "2355"]
[BlackElo "2295"]

1.e4 c5 2.Nf3 e6 3.d4 cxd4 4.Nxd4 a6 5.Nc3 Qc7 6.Bd3 Nf6 7.O-O Be7 8.Kh1 d6
9.f4 O-O 10.Nf3 Nc6 11.Qe1 Nd7 12.Qg3 Re8 13.e5 Nb4 14.f5 exf5 15.Bf4 dxe5
16.Nxe5 Qc5 17.Bxf5 Nf6 18.Ne4  1/2-1/2

[Event "FIN-ch"]
[Site "Espoo"]
[Date "1985.??.??"]
[Round "?"]
[White "Pirttimaki, Timo"]
[Black "Havansi, Erkki ET"]
[Result "1-0"]
[WhiteElo "2340"]
[BlackElo "2295"]

1.e4 c5 2.Nf3 e6 3.d4 cxd4 4.Nxd4 a6 5.Nc3 Qc7 6.g3 Nf6 7.Bg2 Be7 8.O-O O-O
9.Re1 d6 10.Be3 Nc6 11.Nxc6 bxc6 12.Na4 Rb8 13.c4 c5 14.b3 Bb7 15.Nc3 Bc6
16.Qc2 Rfd8 17.Rad1 Nd7 18.f4 Rbc8 19.Rd3 Nb8 20.g4 Be8 21.g5 Nc6 22.Qf2 f6
23.h4 Bf7 24.Bh3 Rf8 25.Qg2 Rcd8 26.Red1 Kh8 27.Bg4 g6 28.Qh3 f5 29.exf5 gxf5
30.Bf3 Rfe8 31.h5 Bf8 32.R3d2 Bg7 33.Ne2 h6 34.Qg2 Ne7 35.Kh1 Rg8 36.Qf2 Nc6
37.Qh4 Rgf8 38.Rg1 Bg8 39.Rg2 Ne7 40.Ng1 Bh7 41.Nh3 d5 42.gxh6 Bf6 43.Qe1 d4
44.Bf2 Qd6 45.Bh4 Ng8 46.Bg5 Rf7 47.Nf2 Qf8 48.Qxe6 Rd6 49.Qe1 Nxh6 50.Nd3 Re7
51.Rge2 Re4 52.Nxc5 Qc8 53.Bxf6+ Rxf6 54.Qh4 Qf8 55.Nd7  1-0

[Event "Bundesliga 8485"]
[Site "Germany"]
[Date "1985.??.??"]
[Round "?"]
[White "Ueter, Heinz Dieter"]
[Black "Gerusel, Mathias"]
[Result "1/2-1/2"]
[WhiteElo "2270"]
[BlackElo "2390"]

1.e4 c5 2.Nf3 e6 3.d4 cxd4 4.Nxd4 a6 5.Nc3 Qc7 6.g3 Bb4 7.Ne2 Nf6 8.Bg2 Nc6
9.Bf4 e5 10.Bg5 Nd4 11.O-O Nxe2+ 12.Nxe2 Qc6 13.Qd3 O-O 14.a3 Be7 15.Nd4 exd4
16.e5 d5 17.Rfe1 h6 18.exf6 Bxf6 19.Bxf6 Qxf6 20.Bxd5 Bf5 21.Be4 Bg6 22.Rad1 Rac8  1/2-1/2

[Event "Hamburg-ch"]
[Site "Hamburg"]
[Date "1985.??.??"]
[Round "?"]
[White "Rhodin, Christian"]
[Black "Dankert, Peter"]
[Result "1-0"]
[WhiteElo "2285"]
[BlackElo "2290"]

1.e4 c5 2.Nf3 e6 3.d4 cxd4 4.Nxd4 a6 5.Nc3 Qc7 6.f4 Nc6 7.Be2 Bb4 8.Nxc6 Qxc6
9.Qd4 Bxc3+ 10.bxc3 Nf6 11.e5 Nd5 12.a4 Qxc3+ 13.Qxc3 Nxc3 14.Bf3 O-O 15.Bd2 Nd5
16.c4 Ne7 17.Bb4 Re8 18.Bxe7 Rxe7 19.a5 f6 20.Rf1 Rf7 21.Be4 Rb8 22.c5 d5
23.exd6 Bd7 24.Kd2 Bb5 25.Rfc1 f5 26.Bf3 Rc8 27.Ke3 Rd7 28.Kd4  1-0

[Event "Hamburg-ch"]
[Site "Hamburg"]
[Date "1985.??.??"]
[Round "?"]
[White "Rhodin, Christian"]
[Black "Andersen, Jens Knud"]
[Result "1/2-1/2"]
[WhiteElo "2285"]
[BlackElo "2200"]

1.e4 c5 2.Nf3 e6 3.d4 cxd4 4.Nxd4 a6 5.Nc3 Qc7 6.f4 Bb4 7.Qf3 Nc6 8.Nb3 Nf6
9.Bd2 d5 10.exd5 exd5 11.O-O-O O-O 12.Nxd5 Nxd5 13.Qxd5 Bg4 14.Re1 Rad8 15.Qe4 Bxd2+
16.Nxd2 Rd4 17.Qe3 Qxf4  1/2-1/2

[Event "Jurmala"]
[Site "Jurmala"]
[Date "1985.??.??"]
[Round "2"]
[White "Balashov, Yuri S"]
[Black "Yap, Andronico"]
[Result "1-0"]
[WhiteElo "2495"]
[BlackElo "2400"]

1.e4 c5 2.Nf3 e6 3.d4 cxd4 4.Nxd4 a6 5.Nc3 Qc7 6.Bd3 Nf6 7.O-O d6 8.f4 Nc6
9.Nxc6 bxc6 10.Qe2 Nd7 11.b3 Be7 12.Bb2 Bf6 13.Rae1 O-O 14.Qh5 g6 15.Qh6 Bg7
16.Qxg7+ Kxg7 17.Nd5+ e5 18.Nxc7 Ra7 19.Ba3 Rxc7 20.Bxd6 Ra7 21.Bxf8+ Kxf8
22.f5 Ke7 23.Re3 f6 24.Rh3 Nf8 25.fxg6 hxg6 26.Rh8 Bd7 27.Bc4 f5 28.exf5 gxf5
29.Bd3 f4 30.Re1  1-0

[Event "Kecskemet op"]
[Site "Kecskemet "]
[Date "1985.??.??"]
[Round "8"]
[White "Siklosi, Zoltan"]
[Black "Szekely, Csaba"]
[Result "1-0"]
[WhiteElo "2250"]
[BlackElo "2295"]

1.e4 c5 2.Nf3 e6 3.Nc3 a6 4.d4 cxd4 5.Nxd4 d6 6.Be2 Nf6 7.O-O Be7 8.f4 Qc7
9.Kh1 b6 10.Bf3 Bb7 11.e5 dxe5 12.fxe5 Nfd7 13.Bxb7 Qxb7 14.Qh5 O-O 15.Rf3 g6
16.Qh6 Rd8 17.Rxf7  1-0

[Event "Kecskemet op"]
[Site "Kecskemet "]
[Date "1985.??.??"]
[Round "10"]
[White "Perenyi, Bela"]
[Black "Hausner, Ivan"]
[Result "1/2-1/2"]
[WhiteElo "2335"]
[BlackElo "2385"]

1.e4 c5 2.Nf3 a6 3.Nc3 e6 4.d4 cxd4 5.Nxd4 Qc7 6.Bd3 Nc6 7.Nxc6 bxc6 8.O-O Nf6
9.Re1 d6 10.Na4 Be7 11.c4 O-O 12.Bf4 e5 13.Be3 Nd7 14.Rc1 Rd8 15.b4 Rb8 16.a3 Nf8
17.Nc3 Ne6 18.Nd5 Qb7 19.Nxe7+ Qxe7 20.c5 a5 21.bxa5 Nxc5 22.Bf1 Ra8 23.Bxc5 dxc5
24.Qa4 Ba6 25.Red1 Rxd1 26.Rxd1 Qc7 27.Bxa6 Rxa6 28.Rd5 Qb8 29.Qb3 Ra8 30.Qxb8+ Rxb8
31.Rd1 Kf8 32.Kf1 Ke7 33.Ke2 Rb5 34.Ra1 Rxa5 35.a4 c4 36.Kd2 Kd6 37.Kc3 Kc5
38.Ra2 Ra7 39.a5 f6 40.Ra4 Rd7 41.a6 Kb6 42.Ra2 Ra7 43.Rb2+ Kxa6 44.Kxc4 Rb7
45.Ra2+ Kb6 46.Ra3 Kc7 47.Ra2 Kd6 48.Rd2+ Ke6 49.Kc5 Rd7 50.Ra2 Rd6 51.h4 h5
52.f3 g6 53.Ra6 Rd2 54.Rxc6+ Ke7 55.Rc7+ Kf8 56.Rc8+ Kg7 57.Rc7+ Kh6 58.Rf7 Rxg2
59.Kd5 Ra2 60.Rxf6 Kg7 61.Rb6 Ra3 62.Rb7+ Kf6 63.Rb6+ Kg7 64.Kxe5 Rxf3 65.Rb7+ Kh6
66.Rb8 Rh3 67.Kf6 Rxh4 68.Ke5 Rh3 69.Kf6 Rf3+ 70.Ke5  1/2-1/2

[Event "URS-ch sf"]
[Site "Kostroma"]
[Date "1985.??.??"]
[Round "10"]
[White "Malisauskas, Vidmantas"]
[Black "Kochyev, Alexander"]
[Result "1/2-1/2"]
[WhiteElo "2200"]
[BlackElo "2465"]

1.e4 c5 2.Nf3 e6 3.d4 cxd4 4.Nxd4 a6 5.Nc3 Qc7 6.g3 Bb4 7.Ne2 Be7 8.Bg2 Nf6
9.O-O Nc6 10.h3 O-O 11.g4 Rb8 12.Ng3 b5 13.g5 Ne8 14.h4 b4 15.Nce2 Ne5 16.Nd4 Bc5
17.Nge2 a5 18.Bf4 Ba6 19.Re1 Bd6 20.Bg3 Ng6 21.Qd2 Bxg3 22.fxg3 Ne5 23.b3 Bxe2
24.Nxe2 Qd6 25.Red1 Qc5+ 26.Qd4 Rc8 27.Qxc5 Rxc5 28.Rac1 Nc7 29.c3 Na6 30.cxb4 axb4
31.Rxc5 Nxc5 32.Rd4 Rb8 33.Kf2 Ncd3+ 34.Ke3 Ne1 35.Kf2 N1d3+ 36.Ke3 Nc5 37.Ng1 f6
38.gxf6 gxf6 39.Rd2 Kf7 40.Nf3 Nxf3 41.Bxf3 Ke7 42.Rc2 d6 43.Rc4 Kd7 44.Be2 Rb6
45.Rc1 Rb7 46.Rf1 Ke7 47.Rc1 Ra7 48.Rc4 Rb7 49.Rc1 Kd8 50.Rd1 Rb6 51.g4 h6
52.g5 hxg5 53.hxg5 fxg5 54.Rg1 Nd7 55.Rxg5 Ne5 56.Bc4 Ke7 57.Rh5 Nxc4+ 58.bxc4 e5
59.Rh7+ Ke6 60.c5 Ra6 61.Kd3 Ra3+ 62.Kc4 dxc5 63.Rh6+ Kd7 64.Kxc5 Rxa2 65.Kxb4  1/2-1/2

[Event "WchT U26"]
[Site "Mendoza"]
[Date "1985.??.??"]
[Round "5"]
[White "Trindade, Sandro Heleno"]
[Black "Santacruz, Francisco"]
[Result "1-0"]
[WhiteElo "2305"]
[BlackElo "2275"]

1.Nf3 c5 2.e4 e6 3.d4 cxd4 4.Nxd4 a6 5.Nc3 Qc7 6.Be2 Nc6 7.Be3 Nf6 8.O-O d6
9.a4 Bd7 10.Kh1 Be7 11.f4 O-O 12.Qe1 Nb4 13.Qg3 Kh8 14.Bd3 Rac8 15.Rae1 Nxd3
16.cxd3 Qa5 17.Bd2 Qd8 18.b4 d5 19.e5 Nh5 20.Qh3 Bxb4 21.Ne4 Bxd2 22.Nxd2 g6
23.g4 Ng7 24.Qh6 f5 25.N4f3 Rf7 26.Ng5 Qg8 27.Nxf7+ Qxf7 28.h3 Kg8 29.Rc1 Qe8
30.Rxc8 Qxc8 31.Nf3 Kh8 32.Ng5 Qg8 33.Rc1 Bc6 34.a5 Ne8 35.gxf5 gxf5 36.Rg1 d4+
37.Kh2  1-0

[Event "DEN-ch"]
[Site "Naestved"]
[Date "1985.??.??"]
[Round "?"]
[White "Brinck Claussen, Bjorn"]
[Black "Hansen, Ja"]
[Result "1/2-1/2"]
[WhiteElo "2380"]
[BlackElo "2200"]

1.e4 c5 2.Nf3 e6 3.d4 cxd4 4.Nxd4 a6 5.Nc3 Qc7 6.Be2 b5 7.O-O Bb7 8.Bf3 d6
9.Re1 Nd7 10.a4 bxa4 11.Rxa4 Ngf6 12.Nb3 Ne5 13.Be2 Be7 14.Be3 O-O 15.f4 Nc6
16.Bd3 Nd7 17.Nd4 Nxd4 18.Bxd4 e5 19.fxe5 Nxe5 20.Nd5 Bxd5 21.exd5 Bf6 22.Rf1 Nxd3
23.Bxf6 Ne5 24.Bxe5 dxe5 25.Kh1 f5 26.c4 a5 27.Qe2 e4 28.Rd1 Qc5 29.Ra3 Rf6  1/2-1/2

[Event "NZD-ch"]
[Site "?"]
[Date "1985.??.??"]
[Round "?"]
[White "Lloyd, Adrian"]
[Black "Small, Vernon A"]
[Result "1/2-1/2"]
[WhiteElo "2200"]
[BlackElo "2360"]

1.e4 c5 2.Nf3 e6 3.d4 cxd4 4.Nxd4 a6 5.Nc3 Nc6 6.Be2 Qc7 7.O-O Nf6 8.Be3 Bb4
9.Nxc6 bxc6 10.Qd4 Bd6 11.g3 Be5 12.Qd3 d5 13.Bd4 Bxd4 14.Qxd4 O-O 15.exd5 cxd5
16.f4 Bd7 17.Bd3  1/2-1/2

[Event "SVK-ch"]
[Site "Piestany"]
[Date "1985.??.??"]
[Round "11"]
[White "Matejov, J."]
[Black "Banas, Jan"]
[Result "0-1"]
[WhiteElo "2200"]
[BlackElo "2390"]

1.e4 c5 2.Nf3 e6 3.d4 cxd4 4.Nxd4 a6 5.Nc3 Qc7 6.g3 Bb4 7.Ne2 Nf6 8.Bg2 Be7
9.O-O Nc6 10.Nd4 O-O 11.Bf4 d6 12.Nb3 Ne5 13.Nd2 b5 14.h3 Bb7 15.a4 Bc6 16.Be3 b4
17.Ne2 Rab8 18.Nd4 Bb7 19.Re1 Rfd8 20.f3 Rbc8 21.Bf1 d5 22.f4 Nc4 23.Nxc4 dxc4
24.e5 Ne4 25.Qg4 g6 26.Kh2 h5 27.Qe2 c3 28.b3 h4 29.g4 Bc5 30.Nf3 Ng3 31.Qf2 Bxe3
32.Qxe3 Bxf3 33.Qxf3 Rd2+ 34.Bg2 Rxc2 35.Qd3 Rb2 36.Qxa6 Rd8 37.Red1 Rdd2
38.Rxd2 Rxd2 39.a5 c2 40.Rc1 Rd1 41.Qb6 Qxb6 42.axb6 Rxc1 43.b7 Rd1 44.b8=Q+ Kg7
45.f5 gxf5 46.gxf5 Nxf5 47.Qxb4 c1=Q 48.Qg4+ Kh6  0-1

[Event "Plovdiv"]
[Site "Plovdiv"]
[Date "1985.??.??"]
[Round "?"]
[White "Lanka, Zigurds"]
[Black "Peev, Peicho Chonev"]
[Result "0-1"]
[WhiteElo "2370"]
[BlackElo "2380"]

1.e4 c5 2.Nf3 e6 3.d4 cxd4 4.Nxd4 a6 5.Nc3 d6 6.Be2 Nf6 7.Be3 Be7 8.f4 Qc7
9.Bf3 O-O 10.Qe2 Nc6 11.O-O-O Bd7 12.g4 Nxd4 13.Bxd4 Bc6 14.g5 Nd7 15.Qg2 e5
16.Be3 exf4 17.Bxf4 Ne5 18.h4 b5 19.h5 Rac8 20.Bxe5 dxe5 21.Kb1 Rcd8 22.g6 Bf6
23.gxf7+ Qxf7 24.Nd5 Kh8 25.Rd3 Be7 26.Rhd1 b4 27.Bg4 Bxd5 28.exd5 Bd6 29.Rf3 Qe7
30.Bf5 Rf6 31.Bd3 a5 32.Qg4 Rdf8 33.Rxf6 Qxf6 34.Qe4 Qh6 35.Rg1 Rf4 36.Qg2 Qf6
37.Qh3 e4 38.Qc8+ Bf8 39.Be2 Rf2 40.Qc4 a4 41.Rf1 e3 42.Qa6 Qf4 43.Rd1 a3
44.d6 Qf6 45.c3 bxc3 46.bxa3 c2+ 47.Kxc2 Qf3 48.d7 Rxe2+ 49.Kc1 Bxa3+ 50.Kb1 Rb2+
51.Kc1 Rd2+  0-1

[Event "Sarajevo"]
[Site "Sarajevo"]
[Date "1985.??.??"]
[Round "2"]
[White "Popovic, Petar"]
[Black "Dizdarevic, Emir"]
[Result "1/2-1/2"]
[WhiteElo "2540"]
[BlackElo "2425"]

1.e4 c5 2.Nf3 e6 3.d4 cxd4 4.Nxd4 a6 5.Nc3 Qc7 6.g3 Bb4 7.Bd2 Nf6 8.Bg2 Nc6
9.Nxc6 dxc6 10.O-O Be7 11.Kh1 e5 12.f4 Bd6 13.f5 b5 14.g4 h6 15.Bf3 Bb7 16.Qe2 Rd8
17.Kg2 Be7 18.h4 h5 19.gxh5 c5 20.Bg5 Rd4 21.Rad1 b4 22.Rxd4 cxd4 23.Bxf6 Bxf6
24.Nd5 Bxd5 25.exd5 Qd6 26.Kh3 Ke7 27.Rg1 Rb8 28.Qd3 Kf8 29.Be4 Be7 30.Rf1 Qf6
31.Qg3 Rc8 32.Re1 a5 33.Bd3 a4 34.b3 a3 35.Qxe5 Qxh4+ 36.Kg2 Rd8 37.Rh1 Qg5+
38.Qg3 Qd2+ 39.Qf2 Qg5+ 40.Qg3 Qd2+ 41.Qf2 Qg5+ 42.Qg3  1/2-1/2

[Event "Tirnavia"]
[Site "Trnava"]
[Date "1985.??.??"]
[Round "9"]
[White "Lanc, Alois"]
[Black "Plachetka, Jan"]
[Result "1/2-1/2"]
[WhiteElo "2385"]
[BlackElo "2440"]

1.e4 c5 2.Nf3 e6 3.d4 cxd4 4.Nxd4 a6 5.Nc3 Qc7 6.Be2 Nf6 7.O-O Be7 8.f4 d6
9.Be3 O-O 10.a4 Nc6 11.Kh1 Bd7 12.Nb3 b6  1/2-1/2

[Event "Tirnavia"]
[Site "Trnava"]
[Date "1985.??.??"]
[Round "9"]
[White "Hausner, Ivan"]
[Black "Banas, Jan"]
[Result "1/2-1/2"]
[WhiteElo "2400"]
[BlackElo "2390"]

1.e4 c5 2.Nf3 e6 3.d4 cxd4 4.Nxd4 a6 5.Nc3 Qc7 6.Be3 Nc6 7.Bd3 Nf6 8.O-O Be7
9.Nb3 b5 10.a3 d6 11.f4 Bb7 12.Qf3 O-O 13.Qh3 b4 14.axb4 Nxb4 15.e5 dxe5
16.fxe5 Qxe5 17.Ra5 Bd5 18.Nxd5 exd5 19.Bd4 Qh5 20.Qxh5 Nxh5 21.Bc5 Bxc5+
22.Nxc5 Nf6 23.c3 Nxd3 24.Nxd3 Rfb8 25.Rfa1 Rb6 26.Nb4 d4 27.Rxa6 Rbxa6 28.Rxa6 Rxa6
29.Nxa6 dxc3 30.bxc3 Kf8  1/2-1/2

[Event "SWE-ch"]
[Site "Uppsala"]
[Date "1985.??.??"]
[Round "?"]
[White "Schutz, Ingemar"]
[Black "Lind, Jan Olov"]
[Result "1-0"]
[WhiteElo "2200"]
[BlackElo "2295"]

1.e4 c5 2.Nf3 e6 3.d4 cxd4 4.Nxd4 a6 5.Nc3 d6 6.g3 Nc6 7.Bg2 Nxd4 8.Qxd4 Ne7
9.f4 Nc6 10.Qf2 Be7 11.Be3 Bd7 12.Bb6 Qc8 13.O-O O-O 14.Rad1 Nb8 15.Bh3 a5
16.f5 Nc6 17.Nb5 Ne5 18.Nxd6 Bxd6 19.Rxd6 exf5 20.Rfd1 Re8 21.b3 Re6 22.Rxe6 fxe6
23.exf5 exf5 24.Bg2 Nf7 25.Bd4 Ra6 26.Ba1 Rg6 27.Rd5 b6 28.Bh3 Nd6 29.Qd4 Qc6
30.c4 Bc8 31.Bg2 Qc7 32.Qf4 Bb7 33.Rd1 Bxg2 34.Kxg2 Qc6+ 35.Kg1 Qc5+ 36.Bd4 Qc6
37.Be5 Nf7 38.Bc3 Qe4 39.Qxe4 fxe4 40.Re1 Re6 41.Kf2 h6 42.Bd4 Ng5 43.h4 Nf3
44.Rd1 Nh2 45.Ke2 Ng4 46.Bc3 Re7 47.Rd6 Rf7 48.Bd4 Rf3 49.Re6 Rxg3 50.Rxe4 h5
51.Bxb6 Rg2+ 52.Kd3 Rxa2 53.Re8+ Kf7 54.Ra8 Ne5+ 55.Kc3 Nc6 56.Rc8 Ne7 57.Rc5 a4
58.Rc7 Ke6 59.Bc5 Nf5 60.b4 Ra3+ 61.Kb2 Rb3+ 62.Ka2 Nxh4 63.b5 Nf5 64.b6 h4
65.b7 h3 66.Rc6+ Kd7 67.Bb6 Kxc6 68.b8=Q Rxb6 69.Qc8+ Kd6 70.c5+ Ke5 71.cxb6 h2
72.Qc7+ Nd6 73.Qxg7+  1-0

[Event "Vestmannaeyjum"]
[Site "Vestmannaeyjum"]
[Date "1985.??.??"]
[Round "11"]
[White "Kristjansson, Bragi"]
[Black "Short, Nigel D"]
[Result "0-1"]
[WhiteElo "2295"]
[BlackElo "2535"]

1.e4 c5 2.Nf3 e6 3.d4 cxd4 4.Nxd4 a6 5.Nc3 b5 6.Bd3 Bb7 7.O-O Qc7 8.Re1 Bd6
9.Nf3 b4 10.Na4 Nc6 11.Be3 Ne5 12.Nxe5 Bxe5 13.h3 Nf6 14.Nb6 Rb8 15.Nc4 Bh2+
16.Kh1 Bxe4 17.Bb6 Rxb6 18.Nxb6 Bb7 19.Nc4 Qc6 20.Bf1 Bb8 21.Kg1 Qc7 22.Ne5 Ne4
23.Qxd7+ Qxd7 24.Nxd7 Kxd7 25.Rad1+ Nd6 26.Rd4 a5 27.a3 bxa3 28.bxa3 Ba7
29.Rd2 Rc8 30.Rb1 Bd5 31.c4 Nxc4 32.Bxc4 Rxc4 33.Rb5 Kc6  0-1

[Event "Berlin op"]
[Site "Berlin-West"]
[Date "1986.??.??"]
[Round "?"]
[White "Kindermann, Stefan"]
[Black "Cramling, Pia"]
[Result "1-0"]
[WhiteElo "2485"]
[BlackElo "2400"]

1.e4 c5 2.Nf3 e6 3.d4 cxd4 4.Nxd4 a6 5.Nc3 Qc7 6.g3 Nf6 7.Bg2 d6 8.O-O Be7
9.Be3 Nc6 10.Qe2 Bd7 11.a4 Ne5 12.Rad1 Rc8 13.Bc1 Qc4 14.Qe1 b5 15.axb5 axb5
16.f4 b4 17.Nd5 exd5 18.fxe5 dxe5 19.exd5 O-O 20.Qxe5 Bc5 21.Kh1 Rfe8 22.Qf4 Bxd4
23.Qxd4 Qxd4 24.Rxd4 Rxc2 25.Rxb4 Ree2 26.Rb8+ Ne8 27.Bf3 Rxh2+ 28.Kg1 Rh3
29.Bf4 g5 30.Bg2 Rh5 31.Be5 f5 32.Bc3 Kf7 33.Rb7 Ke7 34.Re1+ Kd8 35.Rb8+ Bc8
36.Rxc8+ Kxc8 37.Rxe8+ Kd7 38.Re1 f4 39.Be4 Rch2 40.Bf3  1-0

[Event "Bor"]
[Site "Bor"]
[Date "1986.??.??"]
[Round "4"]
[White "Watson, William N"]
[Black "Dizdarevic, Emir"]
[Result "1/2-1/2"]
[WhiteElo "2495"]
[BlackElo "2470"]

1.e4 c5 2.Nc3 e6 3.Nf3 a6 4.d4 cxd4 5.Nxd4 Qc7 6.Bd3 Nf6 7.O-O Be7 8.f4 d6
9.Kh1 Nbd7 10.Qf3 b5 11.a4 b4 12.Na2 Bb7 13.Nxb4 d5 14.e5 Bxb4 15.exf6 gxf6
16.Be3  1/2-1/2

[Event "JUG-ch"]
[Site "Budva"]
[Date "1986.??.??"]
[Round "?"]
[White "Ivanovic, Bozidar"]
[Black "Hulak, Krunoslav"]
[Result "0-1"]
[WhiteElo "2485"]
[BlackElo "2505"]

1.e4 c5 2.Nf3 e6 3.d4 cxd4 4.Nxd4 a6 5.Nc3 Qc7 6.Bd3 Nf6 7.f4 d6 8.O-O Be7
9.Kh1 b5 10.Qe1 Bb7 11.a3 Nbd7 12.Bd2 Nc5 13.b4 Nxd3 14.cxd3 Rc8 15.Rf3 O-O
16.Rh3 Nd7 17.Rc1 Qd8 18.Qe2 Re8 19.Qh5 Nf8 20.Rf1 Bf6 21.Nce2 Rc7 22.Rg3 g6
23.f5 Bg7 24.fxg6 fxg6 25.Qf3 d5 26.Bg5 Qa8 27.exd5 Bxd5 28.Qe3 e5 29.Nf3 e4
30.dxe4 Bxe4 31.Neg1 Rc3 32.Qf4 Ne6 33.Qh4 Rc4 34.Bf4 Nxf4 35.Qxf4 Bd3 36.Qd2 Bxf1
37.Qd1 Bxg2+ 38.Rxg2 Rf8 39.Ng5 h6 40.N5f3 Rc3 41.Rg3 g5 42.Kg2 Qe4 43.h3 Rc2+
44.Kh1 Rf2 45.Qe1 Qxe1  0-1

[Event "ITA-ch46"]
[Site "Cesenatico"]
[Date "1986.??.??"]
[Round "5"]
[White "Martorelli, Antonio"]
[Black "Zichichi, Alvise"]
[Result "0-1"]
[WhiteElo "2305"]
[BlackElo "2405"]

1.e4 c5 2.Nf3 e6 3.d4 cxd4 4.Nxd4 a6 5.Nc3 Qc7 6.g3 d6 7.Bg2 Nf6 8.O-O Be7
9.f4 Nc6 10.Nxc6 bxc6 11.e5 Nd5 12.Ne4 dxe5 13.fxe5 O-O 14.c4 Qa7+ 15.Kh1 Ne3
16.Bxe3 Qxe3 17.Qh5 Qd4 18.Rf4 Qxb2 19.Raf1 g6 20.Rg4 Rb8 21.Nf6+ Bxf6 22.exf6 Qd2
23.Be4 Rb2 24.Rg1 e5 25.Rg5 Bh3 26.Rxg6+ fxg6 27.Qxh3 Rxf6 28.Bg2 Rf2 29.Qe6+ Kg7
30.Qxe5+ Kh6 31.Qe4 Qe2 32.Qxc6 Rxa2 33.h4 Qg4 34.Qa8 Qh3+  0-1

[Event "Dieren op"]
[Site "Dieren"]
[Date "1986.??.??"]
[Round "3"]
[White "Volman, Horassio"]
[Black "Zapata, Alonso"]
[Result "1-0"]
[WhiteElo "2230"]
[BlackElo "2515"]

1.e4 c5 2.Nf3 e6 3.d4 cxd4 4.Nxd4 a6 5.Nc3 Qc7 6.Be2 Nc6 7.f4 Nxd4 8.Qxd4 Ne7
9.Be3 b5 10.O-O Nc6 11.Qd2 Na5 12.f5 Bd6 13.Kh1 Be5 14.Bg5 Bb7 15.Rad1 Bc6
16.Bh5 g6 17.Bg4 O-O 18.f6 Nc4 19.Qf2 h5 20.Qh4 Kh7 21.Bxh5 Rh8 22.Bh6 Kg8
23.Bxg6 d5 24.Qg5 Rxh6 25.Qxh6  1-0

[Event "Elenite op"]
[Site "Elenite"]
[Date "1986.??.??"]
[Round "?"]
[White "Stefanov, Krasimir"]
[Black "Zlatilov, Ivailo"]
[Result "1-0"]
[WhiteElo "2345"]
[BlackElo "2305"]

1.e4 c5 2.Nf3 e6 3.Nc3 a6 4.d4 cxd4 5.Nxd4 d6 6.Be3 Nf6 7.g4 h6 8.Rg1 b5
9.a3 Bb7 10.Bd3 Nbd7 11.h4 d5 12.g5 hxg5 13.hxg5 Nxe4 14.g6 Ne5 15.gxf7+ Kxf7
16.Nxe4 dxe4 17.Be2 Bc5 18.Rxg7+ Kxg7 19.Nxe6+ Kf6 20.Nxd8 Raxd8 21.Bxc5 Rh1+
22.Bf1 Rxd1+ 23.Rxd1 Bc8 24.Kd2 Bg4 25.Be2 Nc4+ 26.Kc1 Rxd1+ 27.Bxd1 Bxd1
28.Bd4+ Ke6 29.Kxd1 Kd5 30.Bc3 Kc6 31.b3 Nd6 32.Bd4 a5 33.Kd2 Nf5 34.Kc3 a4
35.Be3 axb3 36.cxb3 Kd5 37.Kb4 Kc6 38.a4 bxa4 39.Kxa4 Nd6 40.Bf4 Nb5 41.Kb4 Nd4
42.Kc4 Ne6 43.Be5 Nc5 44.b4 Nd3 45.b5+ Kd7 46.Bd4 Nf4 47.Be3 Ne6 48.Bd2 Kd6
49.Bb4+ Kd7 50.Bc5 Nc7 51.b6 Ne8 52.Kd5  1-0

[Event "Elenite op"]
[Site "Elenite"]
[Date "1986.??.??"]
[Round "?"]
[White "Nikolov, Sasho"]
[Black "Velikov, Petar"]
[Result "0-1"]
[WhiteElo "2315"]
[BlackElo "2435"]

1.e4 c5 2.Nf3 e6 3.d4 cxd4 4.Nxd4 a6 5.Nc3 Qc7 6.Be2 b5 7.O-O Bb7 8.Bf3 Nc6
9.Re1 Bd6 10.Nxc6 dxc6 11.h3 Nf6 12.Qe2 Nd7 13.Qe3 O-O 14.a4 Rfd8 15.Be2 Bc5
16.Qf3 e5 17.Nd1 Nf8 18.Bf1 Ne6 19.c3 Bf8 20.Be3 Nc5 21.a5 Nd3 22.Re2 c5
23.Rd2 Nf4 24.g3 Ne6 25.Bg2 Rxd2 26.Bxd2 Rd8 27.Be1 c4 28.Ne3 Nc5 29.Nd5 Bxd5
30.exd5 e4 31.Qg4 Qe5 32.f4 Qxd5 33.Bf2 f5 34.Qh4 Ne6 35.Kh1 Qd2 36.Bb6 Rd7
37.Rg1 Qe2 38.g4 Nxf4 39.gxf5 Nxg2 40.Rxg2 Qf1+ 41.Bg1 Qxf5 42.Rf2 Qd5 43.Qg4 e3+
44.Rg2 Bc5 45.Kh2 h6 46.Kh1 Re7  0-1

[Event "FIN-chT"]
[Site "?"]
[Date "1986.??.??"]
[Round "?"]
[White "Ebeling, Mika"]
[Black "Havansi, Erkki ET"]
[Result "1/2-1/2"]
[WhiteElo "2275"]
[BlackElo "2295"]

1.e4 c5 2.Nf3 e6 3.d4 cxd4 4.Nxd4 a6 5.Nc3 Qc7 6.f4 d6 7.Be3 Nf6 8.Nb3 b5
9.a3 Be7 10.Bd3 O-O 11.O-O Nc6 12.Qf3 Bb7 13.Qh3 b4 14.axb4 Nxb4 15.e5 dxe5
16.fxe5 Qxe5 17.Ra5 Nxd3 18.Rxe5 Nxe5 19.Na5 Bc8 20.Bd4 Ng6 21.Qf3 Bd7 22.Nc6 Bxc6
23.Qxc6 Rfc8 24.Qf3 e5 25.Be3 Rab8  1/2-1/2

[Event "Lisboa"]
[Site "Lisboa"]
[Date "1986.??.??"]
[Round "?"]
[White "Fernandez, A."]
[Black "Bellon Lopez, Juan Manuel"]
[Result "1/2-1/2"]
[WhiteElo "2355"]
[BlackElo "2430"]

1.e4 c5 2.Nf3 e6 3.d4 cxd4 4.Nxd4 a6 5.Nc3 d6 6.g3 Nf6 7.Bg2 Be7 8.O-O Qc7
9.a4 Bd7 10.Be3 Nc6 11.Nxc6 Bxc6 12.a5 Rc8 13.Bb6 Qb8 14.Re1 O-O 15.Bd4 Nd7
16.Na4 Bd8 17.Qd2 Qc7 18.Nb6 Nxb6 19.Bxb6 Qb8 20.Bd4 e5 21.Be3 Bd7 22.b3 Be6
23.Bf1 Rc6 24.Bd3 Qc8 25.Ra2 Bg4 26.Be2 Bxe2 27.Qxe2 f5 28.exf5 Qxf5 29.c4 Bg5
30.Bxg5 Qxg5 31.Rd1 h5 32.h4 Qg4 33.Rd3 Qxe2 34.Rxe2 Rf6 35.Kg2 Kf7 36.Rd5 g6
37.Re3 Rf5 38.Red3 Ke7 39.Rc3 e4 40.Re3 Rxd5 41.cxd5 Rc5 42.Rxe4+ Kf6 43.Re6+ Kf5
44.Rxd6 Rxa5 45.Rb6 Rxd5 46.Rxb7 a5 47.Rb6 Rc5 48.Kf3 Rc3+ 49.Ke2 Rc2+ 50.Ke3 Ra2
51.f3 a4 52.Rb5+ Kf6 53.b4 a3 54.Kf4 Re2 55.Ra5 a2 56.Ra6+ Kg7 57.g4 hxg4
58.fxg4 Rd2 59.Ra7+ Kf6 60.Ra6+ Kg7 61.Ke5 Rb2 62.Ra7+ Kh6  1/2-1/2